Matemática : funciones y probabilidades /
Guardado en:
| Autor Principal: | |
|---|---|
| Otros Autores: | |
| Formato: | Libro |
| Publicado: |
Buenos Aires :
A-z,
2006
|
| Series: | Serie Plata A-z
|
| Materias: | |
| Etiquetas: |
Agregar Etiqueta
Sin Etiquetas, Sea el primero en etiquetar este registro!
|
| LEADER | 00987nam a22002415a 4500 | ||
|---|---|---|---|
| 001 | CEM.cems012886 | ||
| 008 | 130507s2006##################000#0#####d | ||
| 005 | 20250428141421.0 | ||
| 245 | 1 | 0 | |a Matemática : |b funciones y probabilidades / |c Irene Marchetti de De Simone, Margarita García de Turner |
| 260 | |a Buenos Aires : |b A-z, |c 2006 | ||
| 300 | |a 227 p. | ||
| 490 | 0 | |a Serie Plata A-z | |
| 500 | |a Para Educación Secundaria Básica | ||
| 505 | 0 | |a Trigonometría -- Funciones trigonométricas -- Función exponencial y función logarítmica -- Cónicas -- Límite y continuidad -- Cálculo combinatorio -- Probabilidad | |
| 020 | |a 9505348142 | ||
| 100 | 1 | |a De Simone, Irene Marchetti de | |
| 700 | 1 | |a García de Turner, Margarita | |
| 082 | 0 | 4 | |a 514 |
| 653 | |a Matemática | ||
| 653 | |a Funciones | ||
| 653 | |a Matemática-educación secundaria básica | ||
| 859 | |a CEMS |b BIB. CEMS - 11 de abril |h 514 |i D461 |p 25151.08 |t Ej.1 | ||
| 859 | |a CEMS |b BIB. CEMS - 11 de abril |h 514 |i D461 |p 29832.25 |t Ej.2 | ||
